Matematyka #2 (figury płaskie - pola) - Statystyki

Ogólne statystyki
  • Ten quiz został rozwiązany 49 razy
  • Średni wynik to 5 z 6
Statystyki odpowiedzi
figura wzór % Poprawnych
kwadrat a * a
100%
prostokąt a * b
98%
trapez (a + b) * h : 2
86%
równoległobok a * h
86%
trójkąt a * h : 2
86%
romb e * f : 2
60%
Nie znaleziono quizów pasujących do podanych kryteriów
Rozkład punktacji
Procent ludzi z każdym wynikiem
Percentyl według liczby udzielonych odpowiedzi
Twoja historia wyników
Nie rozwiązałeś tego quizu